Jim Henson or Frank Oz? - Statistics

General Stats
  • This quiz has been taken 81 times
  • The average score is 10 of 12
Answer Stats
Question Answer % Correct
Kermit the Frog Jim Henson
95%
Animal Frank Oz
91%
Dr. Teeth Jim Henson
91%
Fozzie Bear Frank Oz
86%
Miss Piggy Frank Oz
86%
Ernie Jim Henson
82%
Cookie Monster Frank Oz
77%
Grover Frank Oz
77%
Guy Smiley Jim Henson
77%
Sam the Eagle Frank Oz
73%
Rowlf the Dog Jim Henson
73%
Swedish Chef Jim Henson
64%
No matching quizzes found
Score Distribution
Percent of People with Each Score
Percentile by Number Answered
Your Score History
You have not taken this quiz